COMMENTARY ON THE INSOLVENCY & BANKRUPTCY CODE 2016 (Record no. 28575)

MARC details
000 -LEADER
fixed length control field 00342nam a22001217a 4500
003 - CONTROL NUMBER IDENTIFIER
control field SGT
082 ## - DEWEY DECIMAL CLASSIFICATION NUMBER
Classification number 346.78094
Item number KHA
100 ## - MAIN ENTRY--PERSONAL NAME
Personal name KHATAVKAR PRANAV
245 ## - TITLE STATEMENT
Title COMMENTARY ON THE INSOLVENCY & BANKRUPTCY CODE 2016
Remainder of title DECODING THE LAW OF INSOLVENCY & BANKRUPTCY
260 ## - PUBLICATION, DISTRIBUTION, ETC. (IMPRINT)
Place of publication, distribution, etc MUMBAI
Name of publisher, distributor, etc CURRENT PUBLICATION
Year of Publication 2016
300 ## - PAGE DESCRIPTION
No. of Pages 300
942 ## - ADDED ENTRY ELEMENTS (KOHA)
Source of classification or shelving scheme Dewey Decimal Classification
Koha item type Books
Holdings
Withdrawn status Lost status Source of classification or shelving scheme Damaged status Not for loan Collection code Home library Current library Shelving location Date acquired Cost, normal purchase price SGTU Total Checkouts Full call number Accession No. (Barcode) Date last seen Date last borrowed Bill Date Koha item type
    Dewey Decimal Classification     LAW SGT Science & Social Sciences Library SGT Science & Social Sciences Library Text Book 31/12/2024 495.00 SGTU 2 346.78094 KHA FL3795 23/03/2026 10/03/2026 31/12/2024 Books